| 000 | 02385nam a22003737a 4500 | ||
|---|---|---|---|
| 001 | 19866383 | ||
| 005 | 20230728082241.0 | ||
| 008 | 230727b |||||||| |||| 00| 0 eng d | ||
| 010 | _a 2017023449 | ||
| 020 | _a9781138955356 (hardback) | ||
| 020 | _a1138955353 (hardback) | ||
| 020 | _a9781138955363 (pbk.) | ||
| 020 | _z9781315666396 (ebook) | ||
| 040 |
_aDLC _beng _cDLC _erda _dDLC |
||
| 042 | _apcc | ||
| 050 | 0 | 0 | _aS494.5.A43 Foo |
| 245 | 0 | 0 |
_aFood sovereignty, agroecology and biocultural diversity : _bconstructing and contesting knowledge / _cedited by Michel Pimbert. |
| 264 | 1 |
_aLondon ; _aNew York : _bRoutledge, Taylor & Francis Group, _c2018. |
|
| 300 |
_axix, 337 pages : _billustrations ; _c25 cm. |
||
| 336 |
_atext _btxt _2rdacontent |
||
| 337 |
_aunmediated _bn _2rdamedia |
||
| 338 |
_avolume _bnc _2rdacarrier |
||
| 490 | 0 | _aRoutledge studies in food, society and the environment | |
| 500 | _a"Earthscan from Routledge"--Front cover. | ||
| 504 | _aIncludes bibliographical references and index. | ||
| 505 | 0 | _aAcknowledgements -- Constructing knowledge for food sovereignty, agroecology and biocultural diversity : an overview / Michel P. Pimbert -- How agricultural research systems shape a technological regime that develops genetic engineering but locks out agroecological innovations / Gaƫtan Vanloqueren and Philippe V. Baret -- Sustainability science and "ignorance-based" management for a resilient future / Steve L. Light and Kristen Blann -- On non-equilibrium and nomadism : knowledge, diversity and global modernity in drylands / Sian Sullivan and Katherine Homewood -- Sub-Saharan Africa, Kenya and the Malthusian paradigm in contemporary development thinking / Eric B. Ross -- Plants that speak and institutions that don't listen : notes on the protection of traditional knowledge / Nina Isabella Moeller -- Economics : the limitations of a special case / Gilbert Rist -- Democratizing knowledge and ways of knowing for food sovereignty, agroecology, and biocultural diversity / Michel P. Pimbert. | |
| 650 | 0 | _aAgrobiodiversity. | |
| 650 | 0 | _aSustainable development. | |
| 650 | 0 | _aFood supply. | |
| 700 | 1 |
_aPimbert, Michel P., _eeditor. |
|
| 906 |
_a7 _bcbc _corignew _d1 _eecip _f20 _gy-gencatlg |
||
| 942 |
_2lcc _cBK _n0 |
||
| 999 |
_c496 _d496 |
||